The wind and the Sun and other stories / (Record no. 30087)

MARC details
000 -LEADER
fixed length control field 00951nam a2200265 a 4500
005 - DATE AND TIME OF LATEST TRANSACTION
control field 20090905154757.0
008 - FIXED-LENGTH DATA ELEMENTS--GENERAL INFORMATION
fixed length control field 060731s1999 nyua b 000 0 eng d
010 ## - LCCN (DPL NO)
LC control number B-357041
020 ## - INTERNATIONAL STANDARD BOOK NUMBER
Terms of availability 200.00
International Standard Book Number 8190271660
035 ## - SYSTEM CONTROL NUMBER
System control number B-357041
037 ## - SOURCE OF ACQUISITION
Source of stock number/acquisition DBAD / PUB
040 ## - CATALOGING SOURCE
Original cataloging agency dpl
Language of cataloging English
082 ## - DEWEY DECIMAL CLASSIFICATION NUMBER
Classification number S
100 ## - MAIN ENTRY--PERSONAL NAME
Personal name Khatri, Vikas S.
245 ## - TITLE STATEMENT
Title The wind and the Sun and other stories /
Statement of responsibility, etc by Vikas S Khatri; illustrated by Shankar Nayak
260 ## - PUBLICATION, DISTRIBUTION, ETC. (IMPRINT)
Place of publication, distribution, etc Delhi
Name of publisher, distributor, etc Prudence Publishers
Date of publication, distribution, etc 2009
270 ## - ADDRESS
Address 518/6B, 2st Floor, Karkari Road, Vishwas Nagar, Shahdara,
City Delhi
Postal code 32
300 ## - PHYSICAL DESCRIPTION
Extent 199p.:
Dimensions 22cm(pbk)
Other physical details ill
490 ## - SERIES STATEMENT
Series statement Silver bell Indian folk tales
650 ## - SUBJECT ADDED ENTRY--TOPICAL TERM
Source of heading or term Tales
650 ## - SUBJECT ADDED ENTRY--TOPICAL TERM
Source of heading or term Folklore
Geographic subdivision India
700 ## - ADDED ENTRY--PERSONAL NAME
Personal name Nayak, Shankar
942 ## - ADDED ENTRY ELEMENTS (KOHA)
Source of classification or shelving scheme Dewey Decimal Classification
Item type Children Books
Call number suffix KHA
Classification part S
Holdings
Withdrawn status Lost status Source of classification or shelving scheme Damaged status Not for loan Collection code Home library Current library Date acquired Source of acquisition Cost, normal purchase price Total Checkouts Full call number Barcode Date last seen Copy number Cost, replacement price Koha item type
    Dewey Decimal Classification     Fiction Janak Puri Janak Puri 05/09/2009 DBAD / PUB 200.00 30 S KHA B-357041 06/05/2013 1 200.00 Children Books

© Delhi Public Library
Hit Counter
free hit counter